000 05016nab a2200397 i 4500
003 BR-BrBNA
005 20250129184248.0
008 250129b2017 bl.mr|pooa||| 00| 0 eng |
040 _aBR-BrBNA
_beng
072 _aL70
_b4076
072 _aL74
072 _aL73
100 _aCampos, Wilma Neres da Silva
100 _aLeite, Ana Elisa Tognoli
100 _aSonego, Dábila Araújo
100 _aAndrade, Mateus Annicchino de
100 _aPizzinatto, Fábio Dumit
100 _aMarangoni, Valéria Spolon
100 _aZucolotto, Valtencir
100 _aNakazato, Luciano
100 _aColodel, Edson Moleta
100 _aSouza, Roberto Lopes de
245 _aSynthesis and characterization of gold nanoparticles combined with curcumin and its effects on experimentally induced osteoarthritis
500 _aPublicação on-line; 18 ref.; 3 illus; Sumaries (En, Pt)
520 _a ABSTRACT - Osteoarthritis (OA) is the clinical term for a combination of pathological conditions that involve the progressive degeneration of articular cartilage and subchondral bone remodelling. Curcumin, a potent anti-inflammatory agent, has been extensively studied; however, it does not provide good systemic bioavailability. Gold nanoparticles (AuNPs) have potential applications in the administration of therapeutic substances in order to increase the transport efficiency of drugs. The objectives of this study were to explore the synthesis and characterization of a system combining AuNPs with curcumin and evaluate its therapeutic potential in an experimental model of OA in mice by the destabilization of the medial meniscus (DMM). The AuNPs were conjugated with curcumin and the systems were characterized by UV-VIS spectroscopy, dynamic light scattering (DLS), and zeta potential. Four groups of eight animals each were formed and labelled A, B, C, and D, which received intra-articular injections of AuNPs, curcumin, AuNP-curcumin, and physiologic solution, respectively. After seven weeks, the cartilage of the stifle joint (SJ) was rated on a scale ranging from 0 to 24. Combination of AuNP-curcumin demonstrated good stability and therapeutic applications, but it did not differ significantly (P>0.05) from groups A and B. However, the control group had a significantly lower score (P<0.001). Results of this study demonstrated the importance of developing new nanodrugs. In this case, the combination of AuNPs and curcumin yielded the nanodrug effects suggestive of a potential for application in the treatment of OA. Key words: curcumin, mice, nanodrugs, nanotherapy, osteoarthritis.
520 _a RESUMO - A Osteoartrite (OA) é uma denominação clínica para uma combinação de condições patológicas que envolvem a degeneração progressiva da cartilagem articular e remodelação de osso subcondral. A curcumina, um potente agente anti-inflamatório, têm sido extensivamente estudada, no entanto não oferece boa biodisponibilidade sistêmica. Nanopartículas de ouro (AuNPs) apresentam aplicações potenciais na administração de substâncias terapêuticas aumentando a eficiência do transporte de fármacos. O objetivo deste estudo foi realizar a síntese e caracterização de um sistema conjugando as AuNPs à curcumina e avaliar seu potencial terapêutico em um modelo experimental de OA em camundongos por desestabilização do menisco medial (DMM). As AuNPs foram conjugadas com curcumina e os sistemas foram caracterizados por espectroscopia no UV-VIS, espalhamento de luz dinâmico (DLS) e determinação do potencial zeta. Formouse 4 grupos de oito animais cada, denominados A, B, C, D que receberam injeção intra-articular de AuNPs, curcumina, AuNP-curcumina e solução fisiológica, respectivamente. Após 7 semanas, a cartilagem da articulação-femoro- tibio-patelar (AFTP) foi avaliada em uma variação de escore de 0 a 24. A conjugação de AuNP-curcumina mostrou boa estabilidade e aplicação terapêutica, mas não diferiu significativamente (P>0,05) dos grupos A e B, no entanto, mostrou menor valor de escore e significância (P<0,001) em relação ao grupo controle. Os resultados deste trabalho mostram a importância do desenvolvimento de novos nanofármacos. Neste caso a conjugação de AuNPs com a curcumina permitiu a obtenção de um nanofármaco com sugestivo potencial para aplicação no tratamento da OA. Palavras-chave: camundongos, curcumina, nanofármacos, nanoterapia, osteoartrite.
650 _aCAMUNDONGO
650 _aDOENÇA ANIMAL
650 _aVETERINÁRIA
650 _aCARTILAGEM
650 _aDISTÚRBIO FISIOLÓGICO
773 0 _02408
_9346533
_dSanta Maria-RS Universidade Federal de Santa Maria - Centro de Ciências Rurais 1991
_o2024-7204
_tCiência Rural (Brazil)
_x0103-8478 Versão online ISSN 1678-4596
_gv. 47(7) p. 1-7; (2017)
_wBR2024004273
856 _uhttps://www.scielo.br/j/cr/a/MpxLD6gnsD9KCCVNpHykBDP/?format=pdf&lang=pt
942 _cANA
999 _c329730
_d329730